| 000 | 00608nam a2200229Ia 4500 | ||
|---|---|---|---|
| 003 | OSt | ||
| 005 | 20230518153629.0 | ||
| 008 | 210423s2012 xx 000 0 und d | ||
| 020 | _a978-0-07-061608-0 | ||
| 040 | _cAL | ||
| 041 | _aeng | ||
| 082 |
_a511.5 CHAI _223 |
||
| 100 |
_aCHARTRAND (Gary);ZHANG (Ping). _9108806 |
||
| 245 | _aIntroduction to graph theory. | ||
| 260 |
_aNew Delhi _bTata McGraw-hill _c2012 |
||
| 300 |
_axii,449 _bPB |
||
| 365 |
_b520 _cINR |
||
| 650 |
_aGraphs Theory _9108807 |
||
| 650 |
_aMathematics _9108808 |
||
| 906 | _agraph ; Introduction ; theory. | ||
| 942 |
_2ddc _cBK |
||
| 999 |
_c165163 _d165163 |
||